000 00366nam a2200145Ia 4500
008 191201s2013 xx 000 0 und d
082 _a624.171
_bMUS
100 _aMUKHOPADHYAY, Modhujit
245 0 _aStructural Dynamics Vibrations and Systems
250 _aRep
260 _aN. Delhi
_bAne Books
_c2013
300 _a556
650 _aB.Tech(CE)
942 _2ddc
_cBK
999 _c5683
_d5683